• 首页
  • 本馆介绍
  • 公告通知
  • 最新文献
  • 馆藏检索
  • 电子资源
  • 读者导购
  • 参考咨询
  • 我的图书馆
  • 登录
  • 详细信息显示
  • 放入我的书架
  • 预约/预借图书
  • 作者相关作品
  • 分类相关作品
  • 丛书相关作品
  • 出版社相关作品

书目信息

  • 表格格式
  • 工作单格式
  • 卡片格式
题名:
快感大转移
    
 
作者: 齐泽克 著 ;胡大平 译
分册:  
出版信息: 南京   江苏人民出版社  2004
页数: 283页
开本: 21cm
丛书名: 齐泽克文集
单 册:
中图分类: B565.59 , B84-065
科图分类:
主题词: 女性--因果论--研究 , 精神分析 , 女性 , 因果论
电子资源:
ISBN: 7-214-03658-4
000 01312oam2 2200349 450
001 1131658601
005 20111004084856.06
010    @a7-214-03658-4@dCNY18.00
100    @a20040713d2004 emky0chiy50 ea
101 1  @achi@ceng
102    @aCN@b320000
105    @ay z 000yy
200 1  @a快感大转移@9kuai gan da zhuan yi@e妇女和因果性六论@f(斯洛文)斯拉沃热·齐泽克(Slavoj Zizek)著@g胡大平等译
210    @a南京@c江苏人民出版社@d2004
215    @a283页@d21cm
225 2  @a齐泽克文集
330    @a本书作者把拉康的精神分析当作复兴马克思主义意识形态理论的基础来运用,他的意识形态分析使暴力与女性快感联系起来,同时他对妇女话语地位的检视在权利关系这个主题上引发了极为重要的争论。
461  0 @12001 @a齐泽克文集
510 1  @aThe Metastases of Enjoyment@eSix Essays on Women and Causality@zeng
517 1  @a妇女和因果性六论@9fu nv he yin guo xing liu lun
600  0 @a拉康@c(Lacan, Jacques@f1901~1981)@x精神分析@x研究
600  0 @a拉康@c(Lacan, Jacques@f1901~1981)
606 0  @a女性@x因果论@x研究
606 0  @a精神分析
606 0  @a女性
606 0  @a因果论
690    @aB565.59@v4
690    @aB84-065@v4
701  0 @c(斯洛文)@a齐泽克@9qi ze ke@c(Zizek, Slavoj)@4著
702  0 @a胡大平@9hu da ping@c(哲学)@4译
801  0 @aCN@b91MARC@c20101222
905    @a10447@dB565.59@eJY115
    
    快感大转移:妇女和因果性六论/(斯洛文)斯拉沃热·齐泽克(Slavoj Zizek)著/胡大平等译.-南京:江苏人民出版社,2004
    283页;21cm.-(齐泽克文集)
    
    
    ISBN 7-214-03658-4:CNY18.00
    本书作者把拉康的精神分析当作复兴马克思主义意识形态理论的基础来运用,他的意识形态分析使暴力与女性快感联系起来,同时他对妇女话语地位的检视在权利关系这个主题上引发了极为重要的争论。
●
相关链接 在E读中查询图书 在五车中查询图书 在当当中查询图书 在豆瓣中查询图书


正题名:快感大转移     索取号:B565.59/JY115         预约/预借

序号 登录号 条形码 馆藏地/架位号 状态 备注
1 7809861   278098611   学院路分馆/ [索取号:B565.59/JY115] 在馆    
2 7809862   278098620   学院路分馆/ [索取号:B565.59/JY115] 在馆    
唐山师范学院图书馆 欢迎您!
大连网信软件有限公司© 版权所有